00575nam a2200205 a 450000100060000000300080000600500170001400800410003103500190007204000370009104100080012808200250013610000340016124500510019525000120024626000450025830000260030350000190032965000210034843697BD-RjUL20211209053734.0160626r19361960enk 001 0 eng d a(BD-RjUL)43815 aDJBcDJBdOCLdEQOdBD-RjULbeng aeng 223a332.45bEVM 19601 aEvitt, H. E.q(Herbert Edwin)12aA manual of foreign exchange /cby H. E. Evitt a5th ed. aLondon :bSir Isaac Pitman,c1936 [1960] aviii, 260 p. ;c22 cm aIncludes index 0aForeign exchange